Normal view
MARC view
- Brinkerhoff, Robert O.
Entry Personal Name
001 - CONTROL NUMBER
- control field: 9268
003 - CONTROL NUMBER IDENTIFIER
- control field: OSt
005 - DATE AND TIME OF LATEST TRANSACTION
- control field: 20200924114133.0
008 - FIXED-LENGTH DATA ELEMENTS
- fixed length control field: 200924|| aca||aabn | a|a d
040 ## - CATALOGING SOURCE
- Original cataloging agency: OSt
- Transcribing agency: OSt
100 ## - HEADING--PERSONAL NAME
- Personal name: Brinkerhoff, Robert O.
670 ## - SOURCE DATA FOUND
- Source citation: Work cat.: (OSt): Mooney, Tim, 1955- 9267, Courageous training : , c2008.

PORTAL AKMAL
E-MEL JKDM
AKMAL2U
G-BAM
u-PUSTAKA